Hadia aféra

Bibliographic Details
Main Author: Johanides, Ján, 1934-2008 (Author)
Other Authors: Drozd, Jozef (gup)
Format: Article
Language:Slovak
Subjects:

MARC

LEADER 00000nab a2200000 a 4500
001 vtls000264686
003 SK-MaSNL
005 20260302214034.0
008 111130c1986 xo 0 slo
015 |a SNBRB19rr/mm-uuuuu 
035 |a CL0274800 
040 |a SNKBUCL  |b slo  |c SNKBUCL  |e AACR2 
041 0 |a slo 
044 |a xo  |c SK 
080 |a 885.4-3  |2 1981 
100 1 |a Johanides, Ján,  |d 1934-2008  |4 aut  |9 115871 
245 1 0 |a Hadia aféra  |c Ján Johanides ; Jozef Drozd 
650 0 7 |a poviedky spoločenské  |2 snkbucl  |9 318463 
655 7 |a články z novín a časopisov  |2 snkbucl  |9 267496 
655 7 |a články z odboru literárna veda a krásna literatúra  |2 snkbucl  |9 770045 
700 1 |a Drozd, Jozef  |4 gup  |9 291793 
773 0 |t Nedeľná Pravda  |g Roč. 19, č. 53 (1986), s. /12/ 
850 |a Slovenská národná knižnica v Martine  |a MTA001 
852 |a SNK  |b KIS3GCP 
958 |a RK 
958 |a LX 
992 |a RBX 
999 |c 1496039  |d 1497969